MARC

LEADER 00000nam0a2200000 4500
001 89865
005 20231031103218.0
035 |a (RuTPU)RU\TPU\book\96400 
090 |a 89865 
100 |a 20060130d1979 km y0rusy50 ca 
101 0 |a rus 
102 |a RU 
105 |a a z 001zy 
200 1 |a Крепление подземных сооружений  |f Ю. З. Заславский, В. М. Мостков 
210 |a Москва  |c Недра  |d 1979 
215 |a 325 с.  |c ил. 
320 |a Библиогр.: с. 318-322 
610 1 |a подземные сооружения 
610 1 |a крепление 
610 1 |a устойчивость 
610 1 |a крепь 
610 1 |a расчеты 
610 1 |a горные выработки 
675 |a 622.28  |v 3 
700 1 |a Заславский  |b Ю. З.  |g Юлий Зиновьевич 
701 1 |a Мостков  |b В. М.  |g Владимир Михайлович 
801 1 |a RU  |b 63413507  |c 20060130  |g PSBO 
801 2 |a RU  |b 63413507  |c 20060202  |g PSBO 
942 |c BK